| Tag |
First Indicator |
Second Indicator |
Subfields |
| LEADER |
00000cam a2200000 a 4500 |
| 001 |
in00000087331 |
| 005 |
20151008062915.0 |
| 008 |
820311s1981 gw b 00010 ger |
| 010 |
|
|
|a 81125354
|
| 015 |
|
|
|a GFR***
|
| 020 |
|
|
|a 3463008130
|
| 035 |
|
|
|a (OCoLC)07526034
|
| 035 |
|
|
|9 AAK1178AM
|
| 039 |
0 |
|
|a 2
|b 3
|c 3
|d 3
|e 3
|
| 040 |
|
|
|a DLC
|c DLC
|d TXA
|d UtOrBLW
|
| 049 |
|
|
|a TXAM
|c [1633199]
|
| 050 |
0 |
0 |
|a PT2619 E46
|b O7
|
| 082 |
0 |
|
|a 834/.914
|2 19
|
| 100 |
1 |
|
|a Jens, Walter,
|d 1923-2013.
|
| 245 |
1 |
0 |
|a Ort der Handlung ist Deutschland :
|b Reden in erinnerungsfeindlicher Zeit /
|c Walter Jens.
|
| 264 |
|
1 |
|a Munchen :
|b Kindler,
|c [1981]
|
| 264 |
|
4 |
|c ©1981
|
| 300 |
|
|
|a 236 pages ;
|c 21 cm.
|
| 336 |
|
|
|a text
|b txt
|2 rdacontent
|
| 337 |
|
|
|a unmediated
|b n
|2 rdamedia
|
| 338 |
|
|
|a volume
|b nc
|2 rdacarrier
|
| 500 |
|
|
|a Erratum slip inserted.
|
| 504 |
|
|
|a "Walter Jens: Werke": pages [234]-236.
|
| 504 |
|
|
|a Bibliography: pages [232]-233.
|
| 999 |
|
|
|a MARS
|
| 999 |
f |
f |
|s dc27978f-9008-38e7-ba07-932d92754c68
|i 4a5a9cd6-7d12-3dee-87a9-0ee8cf1b9f91
|t 0
|
| 952 |
f |
f |
|p ric
|a Texas A&M University
|b Rellis Campus
|c Joint Library Facility
|d Remote Storage
|t 0
|e PT2619 E46 O7
|h Library of Congress classification
|i unmediated -- volume
|m A14805976740
|
| 998 |
f |
f |
|a PT2619 E46 O7
|t 0
|l Remote Storage
|